[Event "Israel Team Ch Under 18"]
[Site "Jerusalem"]
[Date "2017.08.14"]
[Round "5"]
[White "Avisar, Yahav"]
[Black "Barak, Gil"]
[Result "1-0"]
[WhiteElo "1379"]
[BlackElo "1809"]
[Annotator "NA"]
[PlyCount "93"]
[EventDate "2017.??.??"]
[EventType "swiss"]
[EventCountry "ISR"]
[SourceTitle "playchess.com"]
[Source "ChessBase"]
[SourceQuality "1"]
[TimeControl "40/5400+30:1800+30"]

1. e4 d6 2. d4 g6 3. Nf3 Nf6 4. Nc3 Bg7 5. Bd3 O-O 6. O-O Nbd7 {B08: Pirc Defence: Classical System} 7. h3 h6 (7... e5 8. dxe5 dxe5 9. Bc4 c6 10. a4 h6 11. Be3 Qe7 12. Qd2 Kh7 13. Rfd1 Nc5 14. Bxc5 Qxc5 15. Bb3 a5 16. Qd6 Qxd6 17. Rxd6 Nd7 18. Rad1 {0-1 (53) Wang,Y (2442)-Malakhov,V (2695) China 2016}) 8. Be3 e5 9. Qd2 Kh7 10. dxe5 $146 ({Predecessor:} 10. Rad1 Qe7 11. Rfe1 c6 12. dxe5 dxe5 13. Bf1 Nc5 14. Bd3 Nh5 {1-0 (67) Binder,T (2240)-Mester,G (2340) Debrecen 1995}) 10... dxe5 11. Rad1 a6 12. Bc4 Qe7 13. Bb3 Nb8 14. Ne1 b5 15. f3 Bb7 16. Nd3 Nbd7 17. Qf2 Bc6 18. Nc5 Rfd8 19. Nd3 a5 20. a3 a4 21. Ba2 Nh5 22. Nb4 Nb8 23. Rxd8 Qxd8 24. Bxf7 Bf8 25. Nxc6 Nxc6 26. Bd5 ({But not} 26. Nxb5 Nf4) 26... Qf6 27. Nxb5 Rb8 28. c4 Rc8 $2 (28... Nf4 29. Nxc7 Be7 30. Bxc6 Qxc6) 29. Bxc6 Qxc6 30. Na7 Qa6 31. Nxc8 Qxc8 32. Rd1 Qa6 33. Bc5 Bg7 34. Qc2 Qc6 35. Bf2 Nf4 36. Be3 Nh5 37. Qd3 $18 Qb7 38. Rd2 Nf4 39. Bxf4 exf4 40. Qc2 Qc6 41. c5 Qb5 42. Kh2 Bf8 43. c6 h5 44. Rd7+ Kh6 45. Qc3 Qe2 46. h4 g5 47. Qf6# 1-0

[Event "Israel Team Ch Under 18"]
[Site "Jerusalem"]
[Date "2017.08.15"]
[Round "6"]
[White "Globus, Or"]
[Black "Lukin, Elisha"]
[Result "1-0"]
[WhiteElo "2259"]
[BlackElo "2085"]
[Annotator "TA"]
[PlyCount "51"]
[EventDate "2017.??.??"]
[EventType "swiss"]
[EventCountry "ISR"]
[SourceTitle "playchess.com"]
[Source "ChessBase"]
[SourceQuality "1"]

{[%evp 12,51,23,20,53,51,60,59,50,60,68,57,85,88,119,91,93,83,100,79,91,94,358,394,384,389,930,911,938,937,914,899,29976,29972,29985,29986,29986,29987,29987,29988,29988,29989]} 1. d4 d5 2. c4 c6 3. e3 Nf6 4. Nf3 e6 5. b3 Bd6 (5... c5 6. cxd5 Nxd5 7. Bb2 cxd4 8. Nxd4 e5 9. Nf3 Nc6 10. Bc4 Bb4+ 11. Nbd2 Nb6 12. Bb5 Qd5 13. Bxc6+ bxc6 14. Bxe5 Bg4 15. Bc7 O-O 16. a3 Bxf3 17. axb4 Bxd1 {0-1 (17) So,W (2810)-Duda,J (2707) Leon 2017}) 6. Nbd2 {D30: Queen's Gambit Declined: Systems without Nc3} O-O 7. Bd3 {LiveBook: 12 Games} b5 $146 ({Predecessor:} 7... c5 8. dxc5 Bxc5 9. Bb2 dxc4 10. Nxc4 Bb4+ 11. Ke2 Nbd7 12. Qc2 Be7 13. Rhd1 {1-0 (62) Predojevic,B (2615)-Kelly,B (2488) Dresden 2008}) 8. O-O {White is slightly better.} a5 9. c5 Bc7 10. e4 dxe4 11. Nxe4 Nbd7 12. Bg5 b4 13. Qe2 Bb7 14. a4 Re8 15. Nxf6+ Nxf6 16. Rfe1 Qc8 $2 {[%mdl 8192]} (16... Rc8 $16 {was necessary.}) 17. Bxf6 $1 $18 gxf6 {[#]} 18. Qe4 $1 {[%cal Re4h7]} Kf8 $2 (18... f5 19. Qh4 Qd8) 19. Qxh7 Ke7 20. Bc4 {[%cal Bd3c4,Bc4e6,Be6g4][%mdl 32] Bxe6 is the strong threat.} Rh8 21. Bxe6 Qf8 22. Bg4+ {White mates.} Kd8 23. Qf5 {[%csl Gg4][%cal Rf5d7]} Bxh2+ 24. Nxh2 {[%csl Gg4][%cal Rf5d7]} Bc8 25. Qxf6+ Kc7 26. Re7+ {Precision: White = 76%, Black = 24%.} 1-0

[Event "Israel Team Ch Under 18"]
[Site "Jerusalem"]
[Date "2017.08.15"]
[Round "6"]
[White "Cohen Revivo, Shoham"]
[Black "Drori, Saar"]
[Result "0-1"]
[WhiteElo "2186"]
[BlackElo "2354"]
[Annotator "TA"]
[PlyCount "72"]
[EventDate "2017.??.??"]
[EventType "swiss"]
[EventCountry "ISR"]
[SourceTitle "playchess.com"]
[Source "ChessBase"]
[SourceQuality "1"]

{[%evp 15,72,-10,-7,-31,-30,-87,-53,-58,-49,-79,-72,-72,-69,-98,-90,-108,-108,-116,-115,-118,-111,-140,-98,-125,-77,-123,-98,-144,-147,-272,-244,-439,-490,-474,-470,-460,-493,-485,-459,-519,-535,-512,-501,-629,-602,-839,-853,-954,-940,-29985,-29986,-29988,-29983,-29983,-29984,-29984,-5891,-29985,-29986]} 1. d4 Nf6 2. Nc3 d5 3. Bf4 g6 4. Qd2 Bg7 5. O-O-O O-O 6. Bh6 {A45: Trompowsky Attack} c5 7. Bxg7 Kxg7 8. dxc5 (8. e3 Nc6 9. dxc5 Be6 10. Bb5 Ne5 11. Qd4 Qc7 12. Nge2 Rac8 13. Nf4 {½-½ (78) Van Foreest,J (2612)-Grandelius,N (2642) Wijk aan Zee 2017}) 8... Qa5 {LiveBook: 4 Games} 9. Nf3 Nc6 10. h4 (10. Nd4 $11) 10... h5 11. e3 $146 ({Predecessor:} 11. Nd4 Qxc5 {0-1 (57) Rahul,K (2184)-Fendrich,D (2201) Gothenburg 2016}) 11... Qxc5 12. Bb5 ({Avoid the trap} 12. Nxd5 $2 Rd8 $19) 12... Bg4 13. Bxc6 bxc6 14. Qd4 {[#]} Qd6 $1 15. Rd2 Bxf3 $1 16. gxf3 e5 17. Qa4 Rab8 18. Ne2 Qe6 19. Ng3 Rb7 20. c3 Rfb8 21. Rg1 Kh7 22. Kb1 (22. f4 $17 {is a better defense.}) 22... Nd7 $19 {[%cal Bf6d7,Bd7b6,Bb6c4,Bc4d2][%mdl 32]} 23. Ka1 $2 {[#]} (23. Qd1 {keeps fighting.}) 23... Nb6 24. Qc2 Nc4 25. b3 Nxd2 26. Qxd2 a5 {[%cal Ba7a5,Ba5a4][%mdl 32]} 27. f4 exf4 28. exf4 Qf6 29. f5 a4 30. fxg6+ fxg6 31. b4 Rxb4 32. Qd3 Qxf2 {[%csl Gb4,Gb8][%cal Rf2b2]} 33. cxb4 Qf6+ 34. Kb1 Rxb4+ 35. Kc1 Qb2+ 36. Kd1 Rd4 {Precision: White = 30%, Black = 86%.} 0-1

[Event "Israel Team Ch Under 18"]
[Site "Jerusalem"]
[Date "2017.08.15"]
[Round "6"]
[White "Tzidkiya, Yeshaayahu"]
[Black "Landau, Amit"]
[Result "1-0"]
[WhiteElo "2156"]
[BlackElo "1965"]
[Annotator "TA"]
[PlyCount "57"]
[EventDate "2017.??.??"]
[EventType "swiss"]
[EventCountry "ISR"]
[SourceTitle "playchess.com"]
[Source "ChessBase"]
[SourceQuality "1"]

{[%evp 16,57,21,-33,145,149,123,129,123,124,236,245,220,199,397,397,376,366,363,360,504,511,695,721,768,715,770,766,825,821,792,775,747,627,1522,1443,1079,735,29995,29996,29996,29997,29997,29998]} 1. e4 c5 2. Nf3 a6 3. Nc3 b5 4. d4 cxd4 5. Nxd4 e6 6. g3 b4 7. Na4 Bb7 8. Bg2 Nf6 9. O-O {LiveBook: 125 Games} (9. Qe2 $11) 9... Be7 $2 {B43: Sicilian: Kan Variation: 5 Nc3} (9... Bxe4 $15 {stays ahead.} 10. Bxe4 Nxe4) (9... Bxe4 10. Bxe4 Nxe4 11. Re1 d5 12. Qh5 Qf6 13. Be3 Nd7 14. f3 g6 15. Qg4 h5 16. Qh3 Nd6 17. Rad1 Be7 18. Nxe6 Qxe6 19. Qg2 Nf5 20. Bg5 Qc6 21. Bxe7 Nxe7 22. Qe2 O-O {0-1 (22) Jovanovic,Z (2534)-Andreikin,D (2737) Tallinn 2016}) 10. e5 $146 ({Predecessor:} 10. Re1 O-O 11. e5 Nd5 12. Nf5 exf5 13. Bxd5 Bxd5 14. Qxd5 Nc6 15. Be3 Rb8 16. f4 Rb5 17. Qg2 f6 18. c4 bxc3 19. Nxc3 Rb7 20. e6 Qc8 21. Rac1 Re8 22. Nd5 Bd8 23. exd7 Qxd7 24. Rxc6 {1-0 (24) Cornette,M (2548)-Laclau,D (2268) Cap d'Agde 2008}) 10... Nd5 11. Qg4 g6 {White is better.} 12. Bh6 Qa5 {[#]} (12... Nc6 $16) 13. c4 $1 $18 {[%cal Rc4d5]} bxc3 14. Nxc3 Nxc3 $2 (14... Qb6 {might work better.} 15. Rac1 Nc6) 15. Bxb7 Ra7 16. bxc3 Rxb7 17. Rab1 Rxb1 18. Rxb1 Qc7 19. Qe4 Nc6 20. Nxc6 dxc6 21. Qc4 a5 22. Qa6 f5 23. Bg7 Rg8 24. Rb7 Qd8 {...Qd1+ is the strong threat.} 25. Qxc6+ Kf7 26. Rd7 Qb8 {[#]} 27. Rxe7+ $1 {[%mdl 512] White mates.} Kxe7 28. Bf6+ Kf8 29. Qc5+ {Precision: White = 77%, Black = 26%.} 1-0

[Event "Israel Team Ch Under 18"]
[Site "Jerusalem"]
[Date "2017.08.15"]
[Round "6"]
[White "Gorshtein, Ido"]
[Black "Ehrlich, Roz"]
[Result "1-0"]
[WhiteElo "2148"]
[BlackElo "1902"]
[Annotator "TA"]
[PlyCount "91"]
[EventDate "2017.??.??"]
[EventType "swiss"]
[EventCountry "ISR"]
[SourceTitle "playchess.com"]
[Source "ChessBase"]
[SourceQuality "1"]

{[%evp 16,91,10,-2,21,16,10,10,26,24,24,16,16,25,19,26,28,0,2,0,27,24,87,13,22,15,15,0,34,35,37,0,0,0,0,0,26,0,270,256,433,432,853,855,1329,826,818,797,799,771,892,877,854,839,825,762,2972,1793,12837,12837,12837,12835,12838,12839,12836,12834,12835,9698,1884,1768,12837,12837,12842,12839,12842,12842,12843,12843]} 1. e4 c6 2. Nf3 d5 3. exd5 cxd5 4. Ne5 (4. d4 Bg4 5. h3 Bxf3 6. Qxf3 e6 7. Bd3 Nf6 8. O-O Bd6 9. c3 h6 10. Nd2 O-O 11. Qe2 Qc7 12. g3 Nc6 13. f4 {½-½ (31) Kramnik,V (2808)-Anand,V (2786) Leuven 2017}) 4... Nc6 5. d4 Nf6 6. Bb5 {B10: Caro-Kann: 2 d3 and 2 c4} Bd7 7. Nxd7 Qxd7 8. c3 a6 9. Bd3 {LiveBook: 6 Games} e6 10. O-O Bd6 11. Qe2 h6 $146 ({Predecessor:} 11... Ne7) 12. Nd2 {[%cal Bb1d2,Bd2f3,Bf3e5][%mdl 32]} Qc7 13. g3 O-O 14. f4 b5 15. a3 Na5 16. Kg2 Nc4 17. Nf3 Rac8 18. Ne5 a5 (18... h5 $11) 19. Re1 (19. Ng4 $16 {And now Nxf6+ would win.} Nxg4 20. Qxg4) 19... b4 20. axb4 axb4 21. Ng4 {[#] Threatens to win with Nxf6+.} Nxg4 (21... Ne4 $5) 22. Qxg4 {aiming for f5.} f5 23. Qg6 Rf6 24. Qh5 bxc3 25. bxc3 Rb8 (25... Na5 $5 {[%cal Rc7c3]} 26. Bb2 Nb3 $14) 26. Kh3 Kh7 $2 {[%mdl 8192] [#]} (26... Nb2 $11 {and Black has nothing to worry.} 27. Bb5 (27. Bxb2 Rxb2 28. Ra8+ Bf8 $14) 27... Qxc3 28. Bxb2 Qxb2) 27. Rxe6 $1 $18 {[%mdl 512]} Rxe6 $2 (27... g6 28. Qe2 Rbf8) 28. Qxf5+ {White is clearly winning.} g6 (28... Kg8 $142) 29. Qxe6 Qc8 30. Bxg6+ Kh8 31. Bf5 {Qf6+ would kill now.} Qxe6 32. Bxe6 Rb3 33. Bxd5 Rxc3 34. Bxc4 Rxc4 35. Ba3 Bxa3 36. Rxa3 Rxd4 {[%mdl 4096] Endgame KR-KR} 37. Kg4 Kg7 38. Kf5 Rd5+ 39. Ke6 Rd2 40. h4 {[%cal Bh2h4,Bh4h5][%mdl 32]} Rb2 41. Re3 Rb5 42. Re5 Rb3 43. g4 Rh3 44. h5 Rh4 45. Kf5 Rh1 46. Re7+ {Precision: White = 62%, Black = 32%.} 1-0

[Event "Israel Team Ch Under 18"]
[Site "Jerusalem"]
[Date "2017.08.15"]
[Round "6"]
[White "Gabizon, Eyal"]
[Black "Kaminetsky, Yuval"]
[Result "1-0"]
[WhiteElo "2146"]
[BlackElo "1566"]
[Annotator "TA"]
[PlyCount "47"]
[EventDate "2017.??.??"]
[EventType "swiss"]
[EventCountry "ISR"]
[SourceTitle "playchess.com"]
[Source "ChessBase"]
[SourceQuality "1"]

{[%evp 9,47,28,50,36,76,81,262,96,172,105,115,88,161,189,275,254,406,375,471,470,476,463,478,474,454,454,462,395,436,418,700,640,806,808,807,786,834,750,1183,1148]} 1. d4 Nf6 2. Bg5 d6 3. Nc3 g6 4. e4 Nbd7 5. f3 (5. f4 c6 6. Qf3 Qa5 7. a3 d5 8. e5 Ne4 9. Bh4 Nxc3 10. Qxc3 Qxc3+ 11. bxc3 Bh6 12. Ne2 Nb6 13. Rg1 {½-½ (35) Rozman,L (2394)-Popilski,G (2562) Dallas 2016}) 5... Bg7 6. Qd2 {B07: Pirc Defence: Miscellaneous Systems} O-O 7. O-O-O Re8 $2 {[#]} (7... c6 $16) 8. Bh6 $2 (8. e5 $1 $18 {[%mdl 512] and the rest is easy.}) 8... Bh8 (8... Bxh6 $16 {keeps fighting.} 9. Qxh6 e5) 9. h4 (9. e5 $1 $18) 9... c5 $16 10. Nge2 Rb8 $146 (10... b5 $16 {was called for.}) ({Find the theoretical novelty and annotate with similar games:} 10... Qa5 11. dxc5 Nxc5 12. Nd4 Bd7 13. Kb1 a6 14. h5 {0-1 (41) Colovic,D (2380)-Milosevic,B (2271) Serbia 2009}) 11. h5 $18 cxd4 (11... b5 $142) 12. Nxd4 Qb6 (12... Ne5 {is a better defense.} 13. hxg6 fxg6) 13. hxg6 fxg6 {If Black can now play ...Ne5 this consolidates a bit.} 14. Bc4+ d5 15. exd5 Ne5 16. Bb3 Bd7 17. Rde1 Nf7 18. Be3 Qb4 19. g4 Rec8 (19... Rbc8 $142 20. a3 Qa5) 20. Bf4 {White is clearly winning.} Ra8 21. a3 Qc5 22. Ne6 Qa5 23. d6 exd6 24. Ng5 {Precision: White = 78%, Black = 24%.} 1-0

[Event "Israel Team Ch Under 18"]
[Site "Jerusalem"]
[Date "2017.08.15"]
[Round "6"]
[White "Gabizon, Eyal"]
[Black "Kaminetsky, Yuval"]
[Result "*"]
[WhiteElo "2146"]
[BlackElo "1573"]
[Annotator "TA"]
[PlyCount "24"]
[EventDate "2017.??.??"]
[EventType "swiss"]
[EventCountry "ISR"]
[SourceTitle "playchess.com"]
[Source "ChessBase"]
[SourceQuality "1"]

{[%evp 9,9,50]} 1. d4 Nf6 2. Bg5 d6 3. Nc3 g6 4. e4 Nbd7 5. f3 (5. f4 c6 6. Qf3 Qa5 7. a3 d5 8. e5 Ne4 9. Bh4 Nxc3 10. Qxc3 Qxc3+ 11. bxc3 Bh6 12. Ne2 Nb6 13. Rg1 {½-½ (35) Rozman,L (2394)-Popilski,G (2562) Dallas 2016}) {Predecessor:} 5... c6 $146 6. Qd2 Qa5 7. Nge2 b5 8. Nc1 Bb7 9. a4 b4 10. Nd1 c5 11. dxc5 dxc5 12. Ne3 Qc7 {½-½ (29) Barcza,G-Matanovic,A Budapest 1957} *

[Event "Israel Team Ch Under 18"]
[Site "Jerusalem"]
[Date "2017.08.15"]
[Round "6"]
[White "Zemach, Roee"]
[Black "Erenberg, Ariel"]
[Result "0-1"]
[WhiteElo "1996"]
[BlackElo "2386"]
[Annotator "TA"]
[PlyCount "50"]
[EventDate "2017.??.??"]
[EventType "swiss"]
[EventCountry "ISR"]
[SourceTitle "playchess.com"]
[Source "ChessBase"]
[SourceQuality "1"]

{[%evp 15,50,-9,-8,-70,-27,-23,-21,-31,-18,-29,-27,-22,-19,-53,-41,-61,-33,-104,-57,-87,-79,-81,-80,-96,-79,-98,-107,-222,-222,-256,-256,-256,-256,-256,-256,-256,-256]} 1. e4 e5 2. Nf3 Nc6 3. Bb5 a6 4. Bxc6 dxc6 5. d4 exd4 6. Qxd4 Qxd4 7. Nxd4 Bd7 8. Be3 O-O-O {LiveBook: 138 Games} 9. c3 {C68: Ruy Lopez: Exchange Variation, sidelines} ({Better is} 9. Nc3 $11) 9... g6 10. Nd2 f6 $146 ({Predecessor:} 10... c5 11. N4b3 b6 12. O-O-O Re8 {0-1 (57) Stanojoski,Z (2415)-Romanov,E (2636) Skopje 2014}) 11. O-O-O {The position is equal.} Nh6 12. f3 Nf7 13. Ne2 Be7 14. Nb3 b6 15. Rhe1 Rhe8 16. Bg1 ({White should play} 16. Nd2 $15) 16... a5 17. Nbd4 c5 18. Nc2 f5 19. exf5 Bxf5 20. Rxd8+ Bxd8 ({Reject} 20... Rxd8 21. Ng3 $11) 21. Ne3 {[#]} (21. f4 $17) 21... Ne5 $1 $19 22. Nxf5 Nd3+ {Black has a decisive advantage.} ({Much less strong is} 22... gxf5 23. Kd2 $17) 23. Kd2 Nxe1 24. Ne3 Bh4 25. Ng3 Bg5 {Precision: White = 37%, Black = 67%.} 0-1

[Event "Israel Team Ch Under 18"]
[Site "Jerusalem"]
[Date "2017.08.15"]
[Round "6"]
[White "Kereth, Oren"]
[Black "Sokolovsky, Yahli"]
[Result "1-0"]
[WhiteElo "1989"]
[BlackElo "1880"]
[Annotator "NA RC"]
[PlyCount "25"]
[EventDate "2017.??.??"]
[EventType "swiss"]
[EventCountry "ISR"]
[SourceTitle "playchess.com"]
[Source "ChessBase"]
[SourceQuality "1"]
[TimeControl "40/5400+30:1800+30"]

1. e4 {[%emt 0:40:14]} e5 {[%emt 0:40:47]} 2. Nf3 {[%emt 0:00:25]} Nc6 {[%emt 0:00:25]} 3. Nc3 {[%emt 0:00:25]} Nf6 {[%emt 0:00:33]} 4. Bb5 {[%emt 0:00:28]} Bb4 {[%emt 0:02:04]} 5. O-O {[%emt 0:00:28]} O-O {[%emt 0:00:53]} 6. d3 {[%emt 0:00:28]} d6 {[%emt 0:00:31]} 7. Bg5 {[%emt 0:00:27]} Bxc3 {[%emt 0:01:09]} 8. bxc3 {[%emt 0:00:26]} Bg4 {[%emt 0:01:06]} 9. h3 {[%emt 0:00:38]} Bh5 {[%emt 0:00:35]} 10. g4 {[%emt 0:01:02]} Bg6 {[%emt 0:00:28]} 11. Nh2 {[%emt 0:06:45]} d5 {[%emt 0:02:24]} 12. f4 {[%emt 0:01:36]} h6 {[%emt 0:03:49]} 13. Bh4 {[%emt 0:01:07]} 1-0

[Event "Israel Team Ch Under 18"]
[Site "Jerusalem"]
[Date "2017.08.15"]
[Round "6"]
[White "Fainman, Tomer"]
[Black "Caspi, Nimi"]
[Result "1-0"]
[WhiteElo "1976"]
[BlackElo "1780"]
[Annotator "NA RC"]
[PlyCount "121"]
[EventDate "2017.??.??"]
[EventType "swiss"]
[EventCountry "ISR"]
[SourceTitle "playchess.com"]
[Source "ChessBase"]
[SourceQuality "1"]
[TimeControl "40/5400+30:1800+30"]

1. d4 {[%emt 0:40:13]} Nf6 {[%emt 0:40:41]} 2. c4 {[%emt 0:00:28]} c5 {[%emt 0:00:25]} 3. d5 {[%emt 0:00:32]} b5 {[%emt 0:00:26]} 4. cxb5 {[%emt 0:00:31]} a6 {[%emt 0:00:22]} 5. bxa6 {[%emt 0:00:42]} g6 {[%emt 0:00:28]} 6. Nc3 {[%emt 0:00:26] A58: Benko/Volga Gambit: Lines with 5 bxa6} Bg7 {[%emt 0:00:26]} (6... Bxa6 7. Nf3 Bg7 8. e4 Bxf1 9. Kxf1 d6 10. g3 O-O 11. Kg2 Na6 12. Qe2 Qb6 13. Rd1 Qb7 14. Rb1 Nd7 15. Bg5 Rfe8 16. a3 Nc7 17. Qc2 Nb6 18. a4 Rac8 19. b3 e6 20. dxe6 Nxe6 {1-0 (27) Jakovenko,D (2714)-Zvjaginsev,V (2673) Moscow 2016}) 7. e4 {[%emt 0:01:23]} O-O {[%emt 0:00:56]} 8. Nf3 {[%emt 0:00:35]} Qa5 {[%emt 0:00:26]} 9. Bd3 {[%emt 0:01:15] LiveBook: 8 Games} (9. Bd2 $11) 9... Bxa6 {[%emt 0:02:16]} (9... Nxd5 $1 $15 {stays ahead.} 10. exd5 Bxc3+ 11. Ke2 Bg7) 10. O-O {[%emt 0:01:01]} d6 {[%emt 0:02:38]} 11. Re1 {[%emt 0:00:47]} Nfd7 {[%emt 0:02:38]} 12. Bxa6 {[%emt 0:04:04]} Nxa6 {[%emt 0:00:52]} 13. Bd2 $146 {[%emt 0:00:31]} ({Find the theoretical novelty and annotate with similar games:} 13. Bf4 Rfb8 14. Re2 Rxb2 15. Rxb2 Bxc3 16. Bd2 Bxd2 17. Rxd2 {½-½ (41) Galic,K (2108)-Grozdanic,V (2077) Sibenik 2010}) 13... Nb4 {[%emt 0:07:50]} 14. Bg5 {[%emt 0:04:36]} Rfe8 {[%emt 0:05:19]} ({Black should play} 14... Qa6 $11) 15. a3 {[%emt 0:14:07]} Na6 {[%emt 0:03:37]} 16. Qc2 {[%emt 0:00:38]} Rab8 {[%emt 0:01:16]} 17. Rab1 {[%emt 0:01:12]} Ne5 18. Nxe5 {[%emt 0:01:02]} Bxe5 {[%emt 0:10:48]} 19. Bd2 {[%emt 0:08:11]} Nc7 {[%emt 0:10:34]} 20. Ne2 {[%emt 0:00:48]} Qa6 {[%emt 0:01:54]} 21. Bc3 {[%emt 0:00:36]} Bxc3 {[%emt 0:01:41]} 22. Nxc3 {[%emt 0:00:46]} Qc4 {[%emt 0:01:12]} 23. b3 {[%emt 0:06:16]} Qa6 {[%emt 0:00:41]} 24. Qa2 {[%emt 0:00:45]} Rb7 {[%emt 0:01:29]} 25. Rb2 {[%emt 0:07:08]} (25. e5 $16) 25... Reb8 {[%emt 0:01:04]} (25... Ra8 $11) 26. Re3 {[%emt 0:01:27]} Qa5 {[%emt 0:02:23]} 27. Rb1 {[%emt 0:00:35]} Ra8 {[%emt 0:00:43]} 28. a4 {[%emt 0:00:47]} Na6 {[%emt 0:00:32]} 29. Qb2 {[%emt 0:01:14]} ({White should play} 29. Qe2 $16) 29... Rab8 {[%emt 0:00:53]} ({Black should play} 29... c4 $1 $11) 30. Nb5 {[%emt 0:00:24]} Nc7 {[%emt 0:00:42]} 31. Nxc7 {[%emt 0:00:38]} Rxc7 {[%emt 0:00:21]} 32. Qc3 {[%emt 0:00:38]} Qa7 {[%emt 0:00:42]} 33. Re2 {[%emt 0:00:44]} ({White should try} 33. e5 $16) 33... c4 $11 {[%emt 0:00:33]} 34. Rc2 {[%emt 0:01:39]} Qb7 {[%emt 0:00:31]} 35. b4 {[%emt 0:00:25]} Qa7 {[%emt 0:00:27]} 36. Ra2 {[%emt 0:00:25]} Ra8 {[%emt 0:00:28]} 37. a5 {[%emt 0:00:27]} Rb8 {[%emt 0:00:27]} 38. b5 {[%emt 0:00:41]} Rc5 {[%emt 0:00:24]} 39. b6 {[%emt 0:00:25]} Qa6 {[%emt 0:00:28]} 40. h3 {[%emt 0:00:26]} Ra8 {[%emt 0:30:37]} 41. Rba1 {[%emt 0:30:43]} Rb8 {[%emt 0:00:22]} 42. Rb1 {[%emt 0:00:22]} Ra8 {[%emt 0:00:21]} 43. Rba1 {[%emt 0:00:35]} Rb8 {[%emt 0:00:21]} 44. Qb4 {[%emt 0:00:31]} Rb5 {[%emt 0:00:54]} 45. Qd2 {[%emt 0:00:37]} Rc5 {[%emt 0:00:23]} 46. Qc3 {[%emt 0:00:22]} Rb5 {[%emt 0:00:24]} 47. Rc1 {[%emt 0:00:24]} R5xb6 {[%emt 0:00:43]} 48. Qxc4 {[%emt 0:00:42]} Rb5 {[%emt 0:00:40]} 49. Qc6 {[%emt 0:00:28]} Qa7 {[%emt 0:00:29]} 50. Qc7 {[%emt 0:00:30]} Qa6 {[%emt 0:00:26]} 51. Rc6 {[%emt 0:00:31]} Qa8 {[%emt 0:00:20]} 52. a6 {[%emt 0:00:27]} Rb4 {[%emt 0:00:45]} 53. Qxe7 {[%emt 0:00:38]} Rb1+ {[%emt 0:00:30]} 54. Kh2 {[%emt 0:00:22]} Rd8 {[%emt 0:00:22]} 55. Rxd6 {[%emt 0:00:25]} Re8 {[%emt 0:00:26]} 56. Qf6 {[%emt 0:00:35]} Qb8 {[%emt 0:00:38]} 57. g3 {[%emt 0:00:28]} Qa7 {[%emt 0:00:35]} 58. Rd8 {[%emt 0:00:38]} Rb8 {[%emt 0:00:22]} 59. Rxe8+ {[%emt 0:00:26]} Rxe8 {[%emt 0:00:20]} 60. e5 {[%emt 0:00:27]} Qc5 {[%emt 0:00:43]} 61. Qc6 {[%emt 0:00:29]} 1-0

[Event "Israel Team Ch Under 18"]
[Site "Jerusalem"]
[Date "2017.08.15"]
[Round "6"]
[White "Slobodiansky, Steven"]
[Black "Gorshtein, Ido"]
[Result "1-0"]
[WhiteElo "1963"]
[BlackElo "2148"]
[Annotator "TA"]
[PlyCount "91"]
[EventDate "2017.??.??"]
[EventType "swiss"]
[EventCountry "ISR"]
[SourceTitle "playchess.com"]
[Source "ChessBase"]
[SourceQuality "1"]

{[%evp 14,91,45,35,44,25,30,3,19,0,27,5,26,34,34,35,23,21,14,38,388,306,762,735,813,41,256,248,1784,742,716,728,717,683,810,780,700,431,428,422,475,480,572,564,611,608,761,760,813,802,892,859,1027,806,1000,958,931,900,1173,1077,1262,1229,29975,29976,29975,29976,29976,29977,29971,29973,29968,29989,29972,29967,29989,29990,29990,29991,29991,29992]} 1. e4 c6 2. d4 d5 3. Nc3 dxe4 4. Nxe4 Nd7 5. Nf3 Ngf6 6. Ng3 e6 7. Bd3 Bd6 8. O-O {LiveBook: 31 Games. B17: Caro-Kann: Modern Line (4...Nd7)} b6 (8... Qc7 9. Re1 O-O 10. Qe2 c5 11. c3 b6 12. Ne5 Bb7 13. Nh5 Nxh5 14. Qxh5 g6 15. Qe2 cxd4 16. cxd4 Nxe5 17. dxe5 Be7 18. Bh6 {½-½ (32) Barcenilla,R (2518)-Laylo,D (2528) Manila 2011}) 9. Re1 O-O 10. Ng5 $146 {White has an edge.} ({Predecessor:} 10. Qe2 Qc7 11. Ne4 Bf4 12. Bxf4 Qxf4 13. g3 Qc7 14. Nfg5 Bb7 15. Rad1 Rac8 16. c3 Rfe8 17. Bb1 h6 18. Nxf6+ Nxf6 19. Ne4 Qe7 20. Nxf6+ Qxf6 21. Be4 Red8 22. Qe3 Ba6 23. Rd2 {½-½ (23) Andrieux,P (2159)-Degraeve,J (2128) France 2004}) 10... Bb7 11. N3e4 (11. N5e4 $5 {[%cal Re4d6]} Bc7 12. Be3 $11) 11... Bc7 12. Qf3 Rb8 13. Qh3 {aiming for Nxf6+.} h6 14. Nxf6+ Nxf6 15. Nf3 c5 {[#]} 16. Bxh6 $1 {[%mdl 512] And now Bg5 would win.} gxh6 $4 {[%mdl 8192]} (16... c4 $14 17. Bxc4 Bxf3 18. gxf3 gxh6 19. Qxh6 Nh7) 17. Qxh6 $18 {Ne5 is the strong threat.} Bxf3 $2 (17... cxd4 18. Qg5+ Kh8) 18. gxf3 {Intending Kh1 and mate.} Qd5 {[#]} 19. Qxf6 $2 (19. Re4 $1 $18 {[%cal Re4g4] White threatens Rg4+! and mate.} Bxh2+ 20. Kxh2 Qh5+ 21. Qxh5 Nxh5 22. Rg1+ Ng7 23. Reg4) 19... Qh5 $2 {[#]} ({Black should try} 19... Qxd4 $14 20. Qxd4 cxd4) 20. Re4 $1 {[%cal Re4g4]} c4 $2 ({Avoid the trap} 20... Qxh2+ $2 21. Kf1 $18) (20... Bd8 21. Qf4 e5 22. Qxe5 Qxe5 23. dxe5 Kh8) 21. Rg4+ (21. Rh4 $142 Qxh4 22. Qxh4) 21... Qxg4+ 22. fxg4 {White wants to mate with Qg5+.} cxd3 23. cxd3 Rbd8 24. Re1 Rd5 25. Re3 {Rh3 would kill now.} Bd8 26. Qf3 Bg5 27. Re5 Rxe5 28. dxe5 {[%mdl 4096] Endgame KQ-KRB} Rc8 29. Qe4 Rc1+ 30. Kg2 Rc2 31. Kg3 Rxb2 32. f4 Bh6 33. g5 Bg7 34. Qa8+ Bf8 35. Qxa7 Bc5 36. Qa8+ Kg7 37. Qd8 Rxa2 38. Qf6+ {White mates.} Kg8 39. g6 Ra7 40. gxf7+ Rxf7 41. Qxe6 Kf8 42. f5 {[%cal Bf4f5,Bf5f6][%mdl 32]} Re7 43. Qh6+ Rg7+ 44. Kf3 Kg8 45. f6 {[%csl Gf6][%cal Rh6g7]} Ra7 46. e6 {Precision: White = 72%, Black = 19%.} 1-0